000 00394cam a2200157ua 4500
041 _aeng
_h
082 _a828.09
_bWHI/IN
100 _aWhitfield, George .
245 _aIntroduction to drama /
_cGeorge Whitfield.
_hTextual Documents
250 _a2 /
_b.
260 _aLondon :
_bOxford University Press ,
_c1963.
300 _a206 ; .
504 _a
942 _cBK
999 _c8572
_d8572